| 000 | 00708nam a22002657a 4500 | ||
|---|---|---|---|
| 001 | BR8108505 | ||
| 003 | BR-BrBNA | ||
| 005 | 20230928091159.0 | ||
| 007 | ta | ||
| 008 | 230509b bl.||||| |||| 00| 0 por d | ||
| 040 |
_aBR-BrBNA _bpor _cBiblioteca Nacional de Agricultura |
||
| 041 | _a(Por) | ||
| 072 |
_aL20; H10 _b4020 |
||
| 090 | _ 4020 BR8108505 | ||
| 100 | 1 | _aNogueira, S.B. | |
| 110 | 1 |
_aUniversidade Federal de Vicosa, MG (Brasil). Depto. de Biologia Animal _910976 |
|
| 245 | 1 | _aOs cupins | |
| 260 | 3 |
_aVicosa, MG (Brasil): _c1981. |
|
| 300 | _a27 p. | ||
| 500 | _a8 illus.; 48 ref. | ||
| 650 | _aCUPIM | ||
| 650 | _aENTOMOLOGIA | ||
| 909 |
_a202309 _bLucia _c55 _dLucia Elande |
||
| 942 | _cBK | ||
| 999 |
_c32676 _d32676 |
||